[Event "Rated Blitz game"]
[Site "?"]
[Date "2021.03.10"]
[Round "?"]
[White "IDantesI"]
[Black "Dzon_Vejn"]
[Result "0-1"]
[WhiteElo "2321"]
[BlackElo "2449"]
[PlyCount "60"]
[EventDate "2021.??.??"]
[EventType "blitz"]

1. e4 e5 2. Nf3 d5 3. Nxe5 Bd6 4. d4 dxe4 5. Be2 Bxe5 6. dxe5 Qxd1+ 7. Bxd1 Nc6
8. Bf4 Nge7 9. Nd2 Bf5 10. g4 Bg6 11. h4 h6 12. h5 Bh7 13. e6 fxe6 14. Bxc7 Nd5
15. Bg3 e3 16. Nc4 exf2+ 17. Kxf2 O-O+ 18. Kg2 b5 19. Nd6 Ne3+ 20. Kh3 Rad8 21.
c3 e5 22. Nxb5 Bd3 23. Bb3+ Kh8 24. Nc7 Be2 25. Ne6 Bxg4+ 26. Kh2 Rd2+ 27. Bf2
Rdxf2+ 28. Kg3 R2f3+ 29. Kh4 Bxe6 30. Bxe6 R8f4+ {Normal} 0-1

[Event "Rated Blitz game"]
[Site "?"]
[Date "2021.03.10"]
[Round "?"]
[White "may6enexttime"]
[Black "Erow"]
[Result "0-1"]
[WhiteElo "2832"]
[BlackElo "2652"]
[PlyCount "128"]
[EventDate "2021.??.??"]
[EventType "blitz"]

1. e4 e5 2. Nf3 d5 3. exd5 e4 4. Qe2 Nf6 5. Nc3 Be7 6. Nxe4 O-O 7. d3 Nxd5 8.
Qd1 Re8 9. Be2 f5 10. Nc3 Bb4 11. Bd2 Bxc3 12. bxc3 Qe7 13. c4 Nf6 14. Bc3 Nc6
15. Qd2 Bd7 16. h3 Rad8 17. Kf1 Be6 18. Qg5 Rf8 19. Re1 h6 20. Qh4 Qc5 21. Rg1
Rde8 22. g4 fxg4 23. hxg4 Nh7 24. g5 Nxg5 25. Rg3 Rf5 26. d4 Qf8 27. d5 Nxf3
28. Bxf3 Rxf3 29. dxe6 Rxg3 30. Qxg3 Re7 31. Re4 Qf5 32. f3 g5 33. Kf2 Rxe6 34.
Qxc7 Re7 35. Rxe7 Nxe7 36. Ke3 Qe6+ 37. Kd2 Kf7 38. Qxb7 Qd6+ 39. Kc1 Qf4+ 40.
Kb2 Qxc4 41. Qxa7 Qb5+ 42. Ka3 h5 43. Bb4 Qe5 44. Qd7 h4 45. Kb3 Qe6+ 46. Qxe6+
Kxe6 47. Bc5 h3 48. Bg1 Nf5 49. a4 Nh4 50. Bh2 Nxf3 51. Bg3 Nd4+ 52. Kc4 Nc6
53. Kb5 Kd7 54. Kb6 Nb4 55. a5 Nd5+ 56. Kb7 Ne7 57. a6 Nc6 58. a7 Nxa7 59. Kxa7
Kc6 60. Ka6 Kc5 61. Kb7 Kc4 62. Kc7 Kc3 63. Kd6 Kxc2 64. Ke5 Kd3 {Time forfeit}
0-1

[Event "Rated Blitz game"]
[Site "?"]
[Date "2021.03.10"]
[Round "?"]
[White "Davigator"]
[Black "annaly1979"]
[Result "1-0"]
[WhiteElo "2414"]
[BlackElo "2450"]
[PlyCount "91"]
[EventDate "2021.??.??"]
[EventType "blitz"]

1. e4 e5 2. Nf3 d5 3. Nxe5 Qe7 4. d4 f6 5. Nf3 dxe4 6. Ng1 f5 7. c4 Nf6 8. Nc3
Nc6 9. Nge2 Qf7 10. Nf4 Bd6 11. Be3 O-O 12. b3 Bb4 13. Qc2 a5 14. O-O-O Bd7 15.
h4 Ng4 16. c5 Kh8 17. Bc4 Qe8 18. Ncd5 Qd8 19. Qb2 Nf6 20. a3 Nxd5 21. Nxd5 Be6
22. Nf4 Bxc4 23. bxc4 b6 24. axb4 Nxb4 25. cxb6 cxb6 26. Kb1 Qc8 27. Rc1 Qd7
28. Qb3 Rfc8 29. h5 h6 30. d5 Qd6 31. g3 Qe5 32. Rhd1 Qd6 33. Bd4 a4 34. Qc3
Rc7 35. Be5 Qd7 36. Bxc7 Qxc7 37. Qxb4 a3 38. d6 a2+ 39. Ka1 Qd8 40. d7 Kh7 41.
Qc3 Qe7 42. Ng6 Qd8 43. Qe5 Kg8 44. Qe6+ Kh7 45. Qxf5 Kg8 46. Qxe4 {Time
forfeit} 1-0

[Event "Rated Blitz game"]
[Site "?"]
[Date "2021.03.10"]
[Round "?"]
[White "Mikasinski"]
[Black "Blind2250"]
[Result "1-0"]
[WhiteElo "2436"]
[BlackElo "2419"]
[PlyCount "83"]
[EventDate "2021.??.??"]
[EventType "blitz"]

1. e4 e5 2. Nf3 d5 3. Nxe5 Bd6 4. d4 dxe4 5. Nc4 Nf6 6. Nc3 O-O 7. Be2 Nc6 8.
Be3 Re8 9. Nxd6 Qxd6 10. O-O Nd5 11. Nxd5 Qxd5 12. c4 Qf5 13. Qd2 Bd7 14. Rad1
h6 15. f3 exf3 16. Bxf3 Qg6 17. Bf4 Rac8 18. Kh1 Bg4 19. Bxg4 Qxg4 20. Rf3 Rcd8
21. d5 Ne5 22. Bxe5 Rxe5 23. Rdf1 Rd7 24. Rf4 Qg5 25. Qf2 f6 26. Qxa7 Qxf4 27.
Rxf4 Re1+ 28. Qg1 Rxg1+ 29. Kxg1 b5 30. cxb5 Rxd5 31. Rb4 Kf7 32. a4 Ke6 33. a5
Kd7 34. a6 Kc8 35. Kf2 Kb8 36. Ke3 Ka7 37. Rc4 Kb6 38. Rc6+ Kxb5 39. a7 Rd8 40.
Rxc7 g5 41. Rb7+ Ka6 42. Rb8 {Normal} 1-0

[Event "Rated Blitz game"]
[Site "?"]
[Date "2021.03.10"]
[Round "?"]
[White "samqr33"]
[Black "Roberto_Baggio1978"]
[Result "0-1"]
[WhiteElo "2446"]
[BlackElo "2511"]
[PlyCount "114"]
[EventDate "2021.??.??"]
[EventType "blitz"]

1. e4 e5 2. Nf3 d5 3. Nxe5 Bd6 4. d4 dxe4 5. Nc4 Nf6 6. Nxd6+ Qxd6 7. Be3 O-O
8. c4 Ng4 9. Nc3 Nxe3 10. fxe3 f5 11. Ne2 Kh8 12. Qd2 Be6 13. Nf4 Bf7 14. h4
Nd7 15. O-O-O b5 16. c5 Qc6 17. Kb1 Nf6 18. Be2 Nd5 19. g3 b4 20. Rc1 a5 21.
Bc4 Nc3+ 22. Rxc3 bxc3 23. Qxc3 Bxc4 24. Qxc4 Rfb8 25. d5 Qb5 26. Qxb5 Rxb5 27.
Rc1 Kg8 28. Ne6 Rab8 29. Rc2 R8b7 30. Nd4 Rb4 31. Nxf5 Kf7 32. Nd4 Kf6 33. c6
Rb8 34. Ne6 Ke5 35. Nxc7 Rf8 36. a3 Rb3 37. Ka2 Rxe3 38. Ne6 Rc8 39. Nxg7 Rxg3
40. Nh5 Rd3 41. c7 e3 42. Ng3 Rd2 43. Rc3 Kf4 44. Nf1 e2 45. Nxd2 e1=Q 46. Nb3
Ke5 47. Nxa5 Kxd5 48. Nb3 Kd6 49. Nd4 Qe5 50. Rd3 Kxc7 51. Nb5+ Kb6 52. Nc3
Qe6+ 53. Kb1 Rg8 54. Rd1 Rg2 55. Rc1 Qg6+ 56. Ka2 Qg4 57. Rb1 Qe6+ {Time
forfeit} 0-1

[Event "Rated Blitz game"]
[Site "?"]
[Date "2021.03.10"]
[Round "?"]
[White "DrawDenied_Twitch"]
[Black "Erow"]
[Result "1-0"]
[WhiteElo "2720"]
[BlackElo "2656"]
[PlyCount "41"]
[EventDate "2021.??.??"]
[EventType "blitz"]

1. e4 e5 2. Nf3 d5 3. exd5 e4 4. Qe2 Nf6 5. d3 Bb4+ 6. c3 O-O 7. dxe4 Bc5 8.
Bg5 Re8 9. Nbd2 Nbd7 10. O-O-O c6 11. Nb3 cxd5 12. Nxc5 Nxc5 13. Rxd5 Qa5 14.
Bxf6 gxf6 15. Qb5 Qxa2 16. Qxe8+ Kg7 17. Rxc5 Qa1+ 18. Kc2 Be6 19. Qxa8 Qa4+
20. Kd2 Qa1 21. Qxb7 {Normal} 1-0

[Event "Rated Blitz game"]
[Site "?"]
[Date "2021.03.10"]
[Round "?"]
[White "Fiery_calm"]
[Black "KinzyabulatovRenat"]
[Result "1-0"]
[WhiteElo "2507"]
[BlackElo "2329"]
[PlyCount "79"]
[EventDate "2021.??.??"]
[EventType "blitz"]

1. e4 e5 2. Nf3 d5 3. Nxe5 Bd6 4. d4 dxe4 5. Nc3 Bxe5 6. Bc4 Qxd4 7. Qe2 Nf6 8.
O-O O-O 9. Be3 Qd6 10. Rad1 Qb4 11. a3 Qxb2 12. Na4 Qxa3 13. Bc5 Qxa4 14. Bxf8
Kxf8 15. Rd8+ Ke7 16. Rxc8 Qd7 17. Rh8 h5 18. Rd1 Qc6 19. Bb5 Qc5 20. c4 Bd6
21. g3 a6 22. Ba4 b5 23. cxb5 axb5 24. Bxb5 c6 25. Bc4 Ra4 26. Bb3 Rb4 27. Ba2
Nbd7 28. h4 Ne5 29. Kg2 Nf3 30. Bb1 Be5 31. Bxe4 Nxh4+ 32. gxh4 Rxe4 33. Qd3
Rg4+ 34. Kf1 Nd5 35. Re1 Kf6 36. Rxh5 Rf4 37. Qe2 Bc3 38. Kg1 g6 39. Rg5 Bxe1
40. Qe5# {Normal} 1-0

[Event "Rated Blitz game"]
[Site "?"]
[Date "2021.03.10"]
[Round "?"]
[White "torrentec"]
[Black "Pepiton61"]
[Result "1-0"]
[WhiteElo "2434"]
[BlackElo "2256"]
[PlyCount "105"]
[EventDate "2021.??.??"]
[EventType "blitz"]

1. e4 e5 2. Nf3 d5 3. exd5 e4 4. Nd4 Qxd5 5. Nb3 Nf6 6. Nc3 Qe5 7. Be2 Bd6 8.
d4 exd3 9. Qxd3 O-O 10. Be3 Bf5 11. Qd4 Nc6 12. Qxe5 Bxe5 13. O-O-O a6 14. Nd4
Nxd4 15. Bxd4 Bxd4 16. Rxd4 Rad8 17. Rhd1 Rxd4 18. Rxd4 Re8 19. Bf3 c6 20. Kd2
g5 21. h3 h5 22. g4 hxg4 23. hxg4 Bg6 24. a4 Kf8 25. a5 Re5 26. Rd8+ Ke7 27.
Rb8 Rxa5 28. Rxb7+ Kd6 29. b4 Re5 30. Rb6 Ne4+ 31. Bxe4 Bxe4 32. Rxa6 Bf3 33.
b5 Kc7 34. Ra7+ Kb6 35. Rxf7 Bxg4 36. Rf6 Re6 37. Rxe6 Bxe6 38. bxc6 Kxc6 39.
Ne4 g4 40. Ke3 Bf5 41. Kf4 Bc8 42. c3 Kd5 43. Nd2 Bd7 44. Ke3 Ke5 45. c4 Be6
46. c5 Kd5 47. Ne4 Bf5 48. Ng3 Bd7 49. Kf4 Kxc5 50. Ne4+ Kd5 51. Nf6+ Ke6 52.
Nxd7 Kxd7 53. Kxg4 {Time forfeit} 1-0

[Event "Rated Blitz game"]
[Site "?"]
[Date "2021.03.10"]
[Round "?"]
[White "TrickOrTreat"]
[Black "Chesspirate_Channel"]
[Result "1-0"]
[WhiteElo "2458"]
[BlackElo "2381"]
[PlyCount "59"]
[EventDate "2021.??.??"]
[EventType "blitz"]

1. e4 e5 2. Nf3 d5 3. Nxe5 Bd6 4. d4 dxe4 5. Nc4 Be7 6. Be2 Nc6 7. Be3 Nf6 8.
h3 O-O 9. O-O Nd5 10. Nc3 Nxc3 11. bxc3 f5 12. Qd2 b5 13. Nb2 Rb8 14. a4 b4 15.
d5 bxc3 16. Qxc3 Bf6 17. Qxc6 Rxb2 18. Rab1 Rxb1 19. Rxb1 Be5 20. Bc5 Bd7 21.
Qa6 Re8 22. Bxa7 f4 23. Rb8 Qxb8 24. Bxb8 Rxb8 25. Bb5 Bf5 26. Qc6 e3 27. Kf1
Rf8 28. f3 Bd4 29. d6 Be5 30. Qd5+ {Normal} 1-0

[Event "Rated Blitz tournament bbKDWfcb"]
[Site "?"]
[Date "2021.03.10"]
[Round "?"]
[White "Allon555"]
[Black "Jenlen3001"]
[Result "0-1"]
[WhiteElo "2214"]
[BlackElo "2550"]
[PlyCount "110"]
[EventDate "2021.??.??"]
[EventType "blitz"]

1. e4 e5 2. Nf3 d5 3. Nxe5 Bd6 4. d4 Nc6 5. Nxc6 bxc6 6. e5 Be7 7. c3 Bf5 8.
Bd3 Qd7 9. O-O h5 10. f4 h4 11. Qe2 Nh6 12. Nd2 c5 13. Nf3 c4 14. Bxf5 Nxf5 15.
Bd2 Rb8 16. Rab1 c5 17. Be3 cxd4 18. Bxd4 O-O 19. Qf2 Rb7 20. Be3 Rfb8 21. Nd4
a5 22. Nxf5 Qxf5 23. Qd2 Rd8 24. Rbc1 a4 25. Rc2 Rb5 26. Bd4 Rdb8 27. h3 Bd8
28. Qf2 Be7 29. Rd1 a3 30. bxa3 Rb1 31. Rxb1 Rxb1+ 32. Kh2 Bxa3 33. Re2 Be7 34.
Qf3 Rd1 35. Rb2 Rd3 36. Qf2 Kh7 37. Rd2 Ba3 38. Rxd3 cxd3 39. Qxh4+ Kg8 40.
Qd8+ Kh7 41. Qh4+ Kg8 42. Qd8+ Bf8 43. Bc5 Qxf4+ 44. Kh1 d2 45. Qxf8+ Kh7 46.
Bg1 d1=Q 47. Qc5 Qxe5 48. Qf2 Qde2 49. Qh4+ Q5h5 50. Qf4 Qe4 51. Qg3 Qhg6 52.
Qf2 Qgf5 53. Qg3 g5 54. Bd4 Qff4 55. Qxf4 gxf4 {Normal} 0-1

[Event "Rated Blitz game"]
[Site "?"]
[Date "2021.03.10"]
[Round "?"]
[White "Fiery_calm"]
[Black "KinzyabulatovRenat"]
[Result "1-0"]
[WhiteElo "2479"]
[BlackElo "2337"]
[PlyCount "39"]
[EventDate "2021.??.??"]
[EventType "blitz"]

1. e4 e5 2. Nf3 d5 3. Nxe5 Bd6 4. d4 dxe4 5. Nc3 Nf6 6. Bc4 O-O 7. Bg5 Be7 8.
O-O Bf5 9. f3 exf3 10. Qxf3 Bc8 11. Rad1 Nbd7 12. Kh1 Nb6 13. Bb3 c6 14. Bxf6
Bxf6 15. Ne4 Bxe5 16. dxe5 Qe7 17. Qxf7+ Rxf7 18. Rxf7 Bf5 19. Rxe7+ Kh8 20.
Nd6 {Normal} 1-0

[Event "Rated Blitz game"]
[Site "?"]
[Date "2021.03.10"]
[Round "?"]
[White "urbas"]
[Black "pasha1984"]
[Result "1/2-1/2"]
[WhiteElo "2433"]
[BlackElo "2461"]
[PlyCount "150"]
[EventDate "2021.??.??"]
[EventType "blitz"]

1. e4 e5 2. Nf3 d5 3. exd5 e4 4. Nd4 Nf6 5. c4 c6 6. d3 Bb4+ 7. Bd2 Bxd2+ 8.
Qxd2 cxd5 9. Nc3 exd3 10. Bxd3 O-O 11. O-O-O Bg4 12. f3 Bh5 13. Nf5 dxc4 14.
Bxc4 Qxd2+ 15. Rxd2 Nc6 16. Re1 Bg6 17. Ne7+ Nxe7 18. Rxe7 Rac8 19. b3 Rb8 20.
g4 h6 21. h4 a6 22. h5 Bh7 23. Nd5 Nxd5 24. Rxd5 b5 25. Bd3 Bxd3 26. Rxd3 Rfd8
27. Rdd7 Rxd7 28. Rxd7 Rb6 29. b4 Rf6 30. Rd3 Rf4 31. a3 Kf8 32. Kd2 g5 33. Ke3
Ke7 34. Rd4 Rf6 35. Rd5 Rc6 36. Kd3 Ke6 37. Rd8 Ke7 38. Rh8 Rf6 39. Ke3 Re6+
40. Kd4 Rf6 41. Ke4 Kd6 42. Ra8 Ke7 43. Ra7+ Kf8 44. Ke5 Rxf3 45. Rxa6 Kg7 46.
Rb6 Rxa3 47. Rxb5 Rg3 48. Kf5 Rf3+ 49. Ke5 Rf4 50. Rb7 Rxg4 51. b5 Rb4 52. b6
g4 53. Ra7 Rxb6 54. Kf4 Rb4+ 55. Kg3 Kf6 56. Ra6+ Kg7 57. Ra5 Rc4 58. Rf5 Rd4
59. Re5 Rf4 60. Kxf4 f6 61. Rf5 Kf7 62. Kxg4 Ke6 63. Kf4 Kf7 64. Ke4 Ke6 65.
Kf4 Kf7 66. Rc5 Ke6 67. Ke4 Kd6 68. Kf5 Kxc5 69. Kxf6 Kd6 70. Kg6 Ke6 71. Kxh6
Kf6 72. Kh7 Kf7 73. h6 Kf8 74. Kh8 Kf7 75. h7 Kf8 {Normal} 1/2-1/2

[Event "Rated Blitz game"]
[Site "?"]
[Date "2021.03.10"]
[Round "?"]
[White "Raphick"]
[Black "Roberto_Baggio1978"]
[Result "1-0"]
[WhiteElo "2391"]
[BlackElo "2510"]
[PlyCount "93"]
[EventDate "2021.??.??"]
[EventType "blitz"]

1. e4 e5 2. Nf3 d5 3. Nxe5 Bd6 4. d4 dxe4 5. Qh5 g6 6. Qe2 Nf6 7. Nc3 O-O 8.
Bg5 Be7 9. O-O-O Nc6 10. Nxc6 bxc6 11. Bxf6 Bxf6 12. Nxe4 Rb8 13. Nxf6+ Qxf6
14. Qf3 Qg5+ 15. Qe3 Qa5 16. Bc4 Bf5 17. Qc3 Qb6 18. Bb3 Rfe8 19. Rhe1 a5 20.
Qc5 Be6 21. Qxb6 cxb6 22. Bxe6 Rxe6 23. Rxe6 fxe6 24. Re1 Kf7 25. c3 Kf6 26.
Kc2 a4 27. a3 Rd8 28. Kd3 c5 29. Kc4 cxd4 30. cxd4 Rc8+ 31. Kd3 b5 32. Re2 g5
33. Rc2 Rb8 34. Rc7 h5 35. Kc3 h4 36. h3 Kf5 37. Rf7+ Ke4 38. Rc7 Rf8 39. Rc5
g4 40. Re5+ Kf4 41. Rxb5 gxh3 42. gxh3 Kf3 43. Rh5 Rf4 44. Rh6 Kxf2 45. Rxe6
Kg3 46. Re3+ Kf2 47. Rd3 {Normal} 1-0

[Event "Rated Blitz game"]
[Site "?"]
[Date "2021.03.10"]
[Round "?"]
[White "JurajMatejovic_SK"]
[Black "Dzon_Vejn"]
[Result "1-0"]
[WhiteElo "2445"]
[BlackElo "2464"]
[PlyCount "133"]
[EventDate "2021.??.??"]
[EventType "blitz"]

1. e4 e5 2. Nf3 d5 3. exd5 e4 4. Ne5 Qxd5 5. d4 exd3 6. Nxd3 Nf6 7. Nc3 Qd8 8.
Be2 Bd6 9. O-O O-O 10. Bg5 h6 11. Bh4 Bf5 12. Bf3 c6 13. Re1 Nbd7 14. Bg3 Bxg3
15. hxg3 Qb6 16. Rb1 Rad8 17. Qe2 Rfe8 18. Qf1 Bxd3 19. Rxe8+ Rxe8 20. Qxd3 Ne5
21. Qf5 Nxf3+ 22. Qxf3 Qb4 23. a3 Qc4 24. Rd1 a5 25. Qd3 Qc5 26. Qf3 b5 27. Rc1
b4 28. axb4 axb4 29. Ne2 Qe5 30. Re1 Qxb2 31. Qxc6 b3 32. Kf1 bxc2 33. Rc1 Ne4
34. Qxc2 Nd2+ 35. Ke1 Qxc2 36. Rxc2 Nb3 37. Kf1 Na5 38. f3 Nb7 39. Kf2 Nd6 40.
Rd2 Nf5 41. Nf4 Ne7 42. Re2 Kf8 43. g4 Nc6 44. Rxe8+ Kxe8 45. Nd5 Ne7 46. Ne3
Ng6 47. g3 Ne7 48. f4 g6 49. Kf3 Kf8 50. Nc4 Kg7 51. Ke4 Nc6 52. Kd5 Nd8 53.
Ke4 Ne6 54. Ne5 Nc5+ 55. Kd5 Ne6 56. f5 Nd8 57. fxg6 fxg6 58. Ke4 h5 59. Kf4
hxg4 60. Nxg4 Ne6+ 61. Kf3 Nf8 62. Nf2 Ne6 63. Kg4 Nd4 64. Kf4 Ne2+ 65. Kf3
Nxg3 66. Kxg3 g5 67. Kg4 {Time forfeit} 1-0

[Event "Rated Blitz game"]
[Site "?"]
[Date "2021.03.10"]
[Round "?"]
[White "Teamplayer16"]
[Black "KinzyabulatovRenat"]
[Result "1-0"]
[WhiteElo "2499"]
[BlackElo "2328"]
[PlyCount "79"]
[EventDate "2021.??.??"]
[EventType "blitz"]

1. e4 e5 2. Nf3 d5 3. d3 Nf6 4. Nbd2 Nc6 5. g3 Bc5 6. Bg2 O-O 7. O-O Re8 8. c3
a5 9. Qc2 h6 10. b3 Be6 11. a3 Qd7 12. Bb2 Bh3 13. b4 Bb6 14. b5 Nd8 15. exd5
Bxg2 16. Kxg2 Qxd5 17. c4 Qd6 18. Rae1 Bd4 19. Bxd4 exd4 20. Rxe8+ Nxe8 21. c5
Qd5 22. Re1 Ne6 23. Re5 Qd7 24. Qc4 Nf6 25. h3 b6 26. c6 Qd6 27. a4 Rd8 28. Nb3
Qa3 29. Nbxd4 Nc5 30. Re7 Nd5 31. Re5 Qxd3 32. Qxd3 Nxd3 33. Re2 Nc5 34. Ra2
Nc3 35. Ra3 N3xa4 36. Re3 Nb2 37. Re7 a4 38. Rxc7 a3 39. Ra7 Nc4 40. c7 {
Time forfeit} 1-0

[Event "Rated Blitz game"]
[Site "?"]
[Date "2021.03.10"]
[Round "?"]
[White "persian_golff"]
[Black "Chesspirate_Channel"]
[Result "1-0"]
[WhiteElo "2454"]
[BlackElo "2368"]
[PlyCount "143"]
[EventDate "2021.??.??"]
[EventType "blitz"]

1. e4 e5 2. Nf3 d5 3. Nxe5 Bd6 4. d4 dxe4 5. Be2 Bxe5 6. dxe5 Qxd1+ 7. Bxd1 Nc6
8. Bf4 Be6 9. Nd2 Nge7 10. Nxe4 Ng6 11. Bg3 Ngxe5 12. O-O O-O-O 13. b3 f6 14.
f4 Nd7 15. c4 Rhe8 16. Bf3 Nd4 17. Rae1 Bf5 18. Nc3 Rxe1 19. Rxe1 Nxf3+ 20.
gxf3 Nc5 21. Bf2 Ne6 22. Nd5 Rd7 23. Bg3 b6 24. Ne3 Bh3 25. f5 Nd4 26. Kf2 Nxf5
27. Nxf5 Bxf5 28. Re2 a5 29. h4 Rd1 30. Re7 Rd2+ 31. Ke3 Rxa2 32. Rxc7+ Kd8 33.
Rxg7 Ra3 34. Bc7+ Ke8 35. Kf4 Bd7 36. Bxb6 Rxb3 37. Bxa5 Bc6 38. Rg3 Kf7 39. h5
Ra3 40. Be1 Ra4 41. h6 Rxc4+ 42. Ke3 Ke6 43. Rg7 Rc1 44. Bh4 Rc3+ 45. Kd4 Rxf3
46. Rxh7 Rf4+ 47. Kc5 Rxh4 48. Kxc6 Kf5 49. Rh8 Kg6 50. Kd5 Rxh6 51. Rg8+ Kf5
52. Rg1 Rh4 53. Rf1+ Rf4 54. Rh1 Rf2 55. Kd4 Kf4 56. Kd3 f5 57. Rh4+ Kf3 58.
Rh8 f4 59. Rf8 Kg2 60. Rg8+ Kf1 61. Rf8 Ke1 62. Ra8 Kf1 63. Rg8 f3 64. Ke3 Re2+
65. Kxf3 Rf2+ 66. Ke3 Re2+ 67. Kd3 Rf2 68. Rh8 Ke1 69. Rh1+ Rf1 70. Rh2 Rf3+
71. Ke4 Rf2 72. Rh1+ {Time forfeit} 1-0

[Event "Rated Blitz game"]
[Site "?"]
[Date "2021.03.10"]
[Round "?"]
[White "quicksilver2"]
[Black "Dzon_Vejn"]
[Result "1/2-1/2"]
[WhiteElo "2389"]
[BlackElo "2453"]
[PlyCount "126"]
[EventDate "2021.??.??"]
[EventType "blitz"]

1. e4 e5 2. Nf3 d5 3. Nxe5 Bd6 4. d4 dxe4 5. Nc4 Be7 6. Be2 Nf6 7. O-O O-O 8.
Bf4 Bf5 9. Nc3 c6 10. f3 Nbd7 11. fxe4 Nxe4 12. Nxe4 Bxe4 13. Bf3 Bxf3 14. Qxf3
Nf6 15. c3 Qd5 16. Ne5 Rfe8 17. Qh3 Rad8 18. Bg5 h6 19. Bxh6 gxh6 20. Qxh6 Rd6
21. Rf4 Bf8 22. Qg5+ Bg7 23. Raf1 Ree6 24. Qh4 Rxe5 25. dxe5 Qxe5 26. h3 Rd2
27. R4f2 Rxf2 28. Qxf2 b6 29. Qf5 Qxf5 30. Rxf5 Kf8 31. a4 Ke7 32. a5 Nd5 33.
axb6 axb6 34. Kf2 b5 35. Rh5 Ke6 36. Rh4 Be5 37. c4 Nf4 38. cxb5 cxb5 39. b3
Kd5 40. Rh7 Ke6 41. g3 Nd3+ 42. Kf3 Nc5 43. h4 Nxb3 44. Rh6+ f6 45. Rh7 Nd4+
46. Kg2 b4 47. Ra7 b3 48. Rb7 Kd5 49. h5 Kc4 50. h6 f5 51. Kh3 Nb5 52. g4 fxg4+
53. Kxg4 b2 54. h7 b1=Q 55. Re7 Qe4+ 56. Kg5 Bf4+ 57. Kf6 Qxe7+ 58. Kxe7 Be5
59. Kf7 Nc7 60. Kg8 Ne6 61. h8=Q Bd6 62. Qf6 Kd5 63. Qxe6+ Kxe6 {Normal}
1/2-1/2

[Event "Rated Blitz game"]
[Site "?"]
[Date "2021.03.10"]
[Round "?"]
[White "Blackoperator"]
[Black "Jomajo"]
[Result "1-0"]
[WhiteElo "2511"]
[BlackElo "2601"]
[PlyCount "33"]
[EventDate "2021.??.??"]
[EventType "blitz"]

1. e4 e5 2. Nf3 d5 3. Nxe5 Bd6 4. d4 dxe4 5. Bc4 Bxe5 6. Qh5 Qe7 7. Qxe5 Qxe5
8. dxe5 Nc6 9. Bf4 Nge7 10. Nc3 Ng6 11. Bg3 Ncxe5 12. Bb3 Bf5 13. O-O-O c6 14.
Rhe1 O-O 15. Nxe4 Ng4 16. Nd6 Be6 17. Rxe6 {Normal} 1-0

[Event "Rated Blitz game"]
[Site "?"]
[Date "2021.03.10"]
[Round "?"]
[White "Majasystem"]
[Black "annaly1979"]
[Result "0-1"]
[WhiteElo "2436"]
[BlackElo "2390"]
[PlyCount "82"]
[EventDate "2021.??.??"]
[EventType "blitz"]

1. e4 e5 2. Nf3 d5 3. Nc3 dxe4 4. Nxe4 f5 5. Nc3 e4 6. Ng1 Nf6 7. d4 c5 8. Bb5+
Bd7 9. d5 Bd6 10. Nge2 O-O 11. Bf4 Qc7 12. Qd2 a6 13. Bxd7 Nbxd7 14. Bxd6 Qxd6
15. Qf4 Ne5 16. O-O-O g6 17. h4 Rae8 18. f3 exf3 19. gxf3 b5 20. Rdg1 b4 21.
Nd1 Nxd5 22. Qh6 Nf7 23. Qd2 Rd8 24. h5 Qf6 25. hxg6 hxg6 26. Nf4 Nxf4 27. Qxf4
Kg7 28. Rg2 Rd6 29. Rhg1 Rfd8 30. Ne3 Nh6 31. Rh1 Nf7 32. Nxf5+ Kf8 33. Rxg6
Qxg6 34. Nxd6 Rxd6 35. Rh8+ Kg7 36. Rh1 Rf6 37. Qe5 Nxe5 38. Rh7+ Kxh7 39. c4
Rxf3 40. a4 Rf2 41. b3 Qc2# {Normal} 0-1

[Event "Rated Blitz game"]
[Site "?"]
[Date "2021.03.10"]
[Round "?"]
[White "lugoking"]
[Black "annaly1979"]
[Result "1-0"]
[WhiteElo "2394"]
[BlackElo "2443"]
[PlyCount "85"]
[EventDate "2021.??.??"]
[EventType "blitz"]

1. e4 e5 2. Nf3 d5 3. exd5 e4 4. Ne5 Bd6 5. Nc4 Nf6 6. Nc3 h6 7. Nxd6+ cxd6 8.
Bb5+ Nbd7 9. O-O O-O 10. Re1 Re8 11. d3 exd3 12. Bxd3 Ne5 13. Bf4 Nxd3 14. Qxd3
Bd7 15. Bxd6 Bf5 16. Qxf5 Qxd6 17. Rad1 a6 18. h3 Rac8 19. Rxe8+ Rxe8 20. Qd3
b5 21. a3 Re5 22. Qd4 Re7 23. Qb4 Qe5 24. d6 Rd7 25. Qd4 Qe6 26. Qb6 Kh7 27.
Qxa6 g5 28. Qxb5 g4 29. hxg4 Nxg4 30. Qd5 Qg6 31. Qc6 Ne5 32. Qe4 Qxe4 33. Nxe4
Kg6 34. b3 Kf5 35. f3 Kf4 36. c4 f5 37. Nf6 Rd8 38. c5 Ke3 39. b4 Ke2 40. Rd5
Nc4 41. d7 Ne3 42. Re5 f4 43. Re8 {Normal} 1-0

[Event "Rated Blitz game"]
[Site "?"]
[Date "2021.03.10"]
[Round "?"]
[White "smashinglad"]
[Black "Dzon_Vejn"]
[Result "0-1"]
[WhiteElo "2291"]
[BlackElo "2471"]
[PlyCount "160"]
[EventDate "2021.??.??"]
[EventType "blitz"]

1. e4 e5 2. Nf3 d5 3. exd5 e4 4. Qe2 Nf6 5. d3 Qxd5 6. Nc3 Bb4 7. Bd2 Bxc3 8.
Bxc3 Nbd7 9. dxe4 Qxe4 10. Qxe4+ Nxe4 11. Bb4 c5 12. Ba3 b6 13. Bd3 Ndf6 14.
O-O O-O 15. Rad1 Bb7 16. Rfe1 Rfe8 17. b3 Nc3 18. Ra1 Ncd5 19. Bb2 Nf4 20. Bf1
Bxf3 21. gxf3 N6d5 22. Bb5 Red8 23. a3 Kf8 24. Rad1 Rac8 25. Ba6 Rc7 26. Be5
Rcd7 27. Bb5 Re7 28. Re4 Ng6 29. c4 Nxe5 30. cxd5 Nxf3+ 31. Kg2 Rxe4 32. Kxf3
Rd4 33. Rxd4 cxd4 34. Ke4 Ke7 35. Kxd4 Kd6 36. Bc6 a6 37. f4 g6 38. a4 a5 39.
Bb5 Rc8 40. Bc4 Rc7 41. Ke4 Re7+ 42. Kf3 f5 43. Kg3 Re4 44. Kf3 Rd4 45. Ke3
Rxd5 46. Bxd5 Kxd5 47. Kd3 Kc5 48. Kc3 h6 49. h4 Kd5 50. Kd3 Kc5 51. Kc3 b5 52.
axb5 Kxb5 53. Kd4 Kb4 54. Ke5 Kxb3 55. Kf6 a4 56. Kxg6 a3 57. Kxh6 a2 58. Kg6
a1=Q 59. h5 Qa8 60. h6 Qh8 61. Kg5 Kc4 62. Kxf5 Kc5 63. Kg5 Kd6 64. f5 Ke7 65.
f6+ Kf8 66. Kg4 Kf7 67. Kg5 Qh7 68. Kg4 Qxh6 69. Kf3 Qxf6+ 70. Ke4 Qe6+ 71. Kd4
Kf6 72. Kd3 Qe5 73. Kc4 Kf5 74. Kd3 Qe4+ 75. Kc3 Qe5+ 76. Kd2 Qe4 77. Kc3 Qd5
78. Kb2 Qe4 79. Kb3 Qe3+ 80. Kb2 Qe4 {Time forfeit} 0-1

[Event "Rated Blitz game"]
[Site "?"]
[Date "2021.03.10"]
[Round "?"]
[White "shackrose"]
[Black "KinzyabulatovRenat"]
[Result "0-1"]
[WhiteElo "2470"]
[BlackElo "2320"]
[PlyCount "118"]
[EventDate "2021.??.??"]
[EventType "blitz"]

1. e4 e5 2. Nf3 d5 3. Nxe5 Bd6 4. d4 dxe4 5. Nc3 Bxe5 6. dxe5 Qxd1+ 7. Kxd1 Nc6
8. Bb5 Bd7 9. Bf4 Nge7 10. Ke2 O-O-O 11. Rad1 Ng6 12. Ke3 Ngxe5 13. Bxc6 Nxc6
14. Nxe4 Rhe8 15. Kf3 h6 16. h4 h5 17. Rde1 Nd4+ 18. Kg3 Nxc2 19. Rc1 Nd4 20.
Rxc7+ Kb8 21. Rxd7+ Ka8 22. Rxd8+ Rxd8 23. Re1 f6 24. Nc5 a6 25. Re7 Nf5+ 26.
Kf3 Nxe7 27. Ne6 Rg8 28. Nc7+ Ka7 29. Be3+ Kb8 30. Bf4 Kc8 31. Ne6 Kd7 32. Nc5+
Kc6 33. b4 Nd5 34. Bd2 g5 35. hxg5 fxg5 36. Ne6 g4+ 37. Kg3 Re8 38. Nd4+ Kd7
39. Kh4 Re4 40. Nf5 Nxb4 41. Ng3 Rc4 42. Nxh5 Nd5 43. Kg3 Rc2 44. Be1 Rxa2 45.
Kxg4 Re2 46. Ba5 b6 47. g3 bxa5 48. f4 a4 49. f5 a3 50. Kg5 a2 51. f6 a1=Q 52.
f7 Qh8 53. Ng7 Qxg7+ 54. Kh4 Qxf7 55. g4 Re4 56. Kg3 Qf4+ 57. Kh3 Qxg4+ 58. Kh2
Re2+ 59. Kh1 Qg2# {Normal} 0-1

[Event "Rated Blitz game"]
[Site "?"]
[Date "2021.03.10"]
[Round "?"]
[White "Babnik"]
[Black "pasha1984"]
[Result "0-1"]
[WhiteElo "2447"]
[BlackElo "2423"]
[PlyCount "116"]
[EventDate "2021.??.??"]
[EventType "blitz"]

1. e4 e5 2. Nf3 d5 3. Nxe5 dxe4 4. d4 Bd6 5. Nc3 Bxe5 6. dxe5 Qxd1+ 7. Kxd1 Nc6
8. Bb5 Bg4+ 9. Ke1 O-O-O 10. Bg5 f6 11. exf6 gxf6 12. Be3 Nd4 13. Ba4 f5 14. h3
Bh5 15. g4 fxg4 16. Nxe4 gxh3 17. Rxh3 Bg6 18. c3 Nf5 19. Bg5 Nge7 20. Rd1
Rxd1+ 21. Kxd1 a6 22. Bc2 Rd8+ 23. Kc1 Rf8 24. Nf6 Rf7 25. Nh5 Nc6 26. Nf4 Ne5
27. Nxg6 hxg6 28. f4 Nc4 29. Rh8+ Kd7 30. b3 Ncd6 31. Bd3 Kc6 32. a4 b5 33. a5
Nb7 34. b4 Nbd6 35. Kd2 Kb7 36. Rg8 Nh4 37. Bxh4 Rxf4 38. Bg3 Rf3 39. Rxg6 Nc4+
40. Bxc4 bxc4 41. Rg7 Rd3+ 42. Kc2 Re3 43. Bxc7 Kc8 44. Bb6 Re2+ 45. Kd1 Ra2
46. Bd4 Ra1+ 47. Kd2 Ra2+ 48. Ke3 Rh2 49. Ke4 Rh4+ 50. Kd5 Rh5+ 51. Kxc4 Rh6
52. Ra7 Kb8 53. Rd7 Rc6+ 54. Kd5 Rh6 55. Rd6 Rh5+ 56. Kc6 Rh7 57. Kb6 Rb7+ 58.
Kxa6 Rf7 {Time forfeit} 0-1